| 000 | 00339cam a22001451 4500 | ||
|---|---|---|---|
| 040 | _cDLC | ||
| 082 | 0 | 0 | _a551 WIL 1960 A023 Or. |
| 100 | 1 | _aDunbar, Carl O. | |
| 245 | 0 | 0 | _aHistorical geology. |
| 250 | _a2d ed. | ||
| 260 |
_aNew York, _bWiley _c[1960] |
||
| 300 |
_a500 p. _billus. _c27 cm. |
||
| 650 | 0 | _aHistorical geology. | |
| 942 | _cEK | ||
| 999 |
_c16106 _d16106 |
||